| 000 | 00688nas a2200229 4500 | ||
|---|---|---|---|
| 001 | BR9211382 | ||
| 003 | BR-BrBNA | ||
| 005 | 20231205093454.0 | ||
| 007 | ta | ||
| 008 | 230509b bl.|||p| |||| 00| 00por d | ||
| 040 |
_aBR-BrBNA _bpor _cBiblioteca Nacional de Agricultura |
||
| 041 | _a(Pt) | ||
| 072 | _aL74 | ||
| 100 | 1 | _aValorie, M. | |
| 245 | 1 | _aVeterinaria: cirurgia de colica: o que voce pode esperar | |
| 650 | _aCAVALO | ||
| 650 | _aCOLICA | ||
| 650 | _aVETERINARIA | ||
| 773 | 0 |
_tCavalo Arabe - Associacao Brasileira dos Criadores do Cavalo Arabe (Brazil) _x _g(Aug 1986), v. 6(54) p. 82-85 _wBR9211382 |
|
| 909 |
_a202311 _bLúcia _c55 _dLúcia Elande |
||
| 942 |
_2AGRIS _n0 _cANA |
||
| 999 |
_c138591 _d138591 |
||